000 00359nam a2200157Ia 4500
003 Ost
005 20260225132552.0
008 260225s9999||||xx |||||||||||||| ||und||
040 _cfsic
041 _afre
082 _a440
100 _aH.Temmar
_eAuteur
245 0 _aLes explications théoriques de l'inflation /
245 0 _cH.Temmar
942 _cكتاب
999 _c34222
_d34222